[Event "SVK-ch U14 Girls"]
[Site "Stara Lubovna"]
[Date "2021.07.01"]
[Round "7"]
[White "Halcinova, Blazena"]
[Black "Jursova, Elena"]
[Result "0-1"]
[WhiteElo "1000"]
[BlackElo "1137"]
[PlyCount "80"]
[EventDate "2021.06.26"]
[EventType "swiss"]
[EventRounds "9"]
[EventCountry "SVK"]
[SourceTitle "CBM 203 Extra"]
[Source "ChessBase"]
[SourceDate "2021.09.30"]
[SourceVersion "1"]
[SourceVersionDate "2021.09.30"]
[SourceQuality "1"]

1. e4 c5 2. Nf3 Nc6 3. Bb5 d6 4. Bxc6+ bxc6 5. d3 d5 6. e5 g6 7. b3 Bg7 8. Ba3 Bg4 9. Bxc5 Bxe5 10. d4 Bg7 11. h3 Bxf3 12. Qxf3 Nf6 13. 0-0 Nd7 14. c3 Nxc5 15. dxc5 0-0 16. Nd2 e5 17. Rac1 Qg5 18. Qe3 Qe7 19. c4 Rac8 20. cxd5 cxd5 21. c6 e4 22. a4 Qb4 23. Rfd1 Rfe8 24. Qxa7 d4 25. Qd7 e3 26. fxe3 dxe3 27. Re1 Red8 28. Qb7 Qxd2 29. c7 Re8 30. Qa6 Bc3 31. Kh1 Rxc7 32. Qe2 Qxe1+ 33. Rxe1 Bxe1 34. Qxe1 e2 35. Kh2 Rd7 36. Qc3 e1Q 37. Qc6 Qe5+ 38. g3 Rd2+ 39. Qg2 Qe2 40. Qxe2 Rexe2+ 0-1

[Event "SVK-ch U14 Girls"]
[Site "Stara Lubovna"]
[Date "2021.06.28"]
[Round "3"]
[White "Szotkovska, Natalia"]
[Black "Jursova, Elena"]
[Result "1-0"]
[WhiteElo "1000"]
[BlackElo "1137"]
[PlyCount "93"]
[EventDate "2021.06.26"]
[EventType "swiss"]
[EventRounds "9"]
[EventCountry "SVK"]
[SourceTitle "CBM 203 Extra"]
[Source "ChessBase"]
[SourceDate "2021.09.30"]
[SourceVersion "1"]
[SourceVersionDate "2021.09.30"]
[SourceQuality "1"]

1. e4 c5 2. Nf3 Nc6 3. Bc4 g6 4. d4 cxd4 5. Nxd4 Bg7 6. Be3 d6 7. Nxc6 bxc6 8. Nc3 Nf6 9. 0-0 0-0 10. Re1 Bb7 11. Bg5 e5 12. Qf3 Qe7 13. Bxf6 Bxf6 14. Rad1 Bg7 15. Rd3 Rad8 16. Red1 Rfe8 17. Rxd6 Bf6 18. Rxf6 Rxd1+ 19. Nxd1 Rf8 20. Rxf7 Rxf7 21. Bxf7+ Qxf7 22. Qxf7+ Kxf7 23. Kf1 c5 24. Nc3 Kf6 25. Nd5+ Bxd5 26. exd5 c4 27. b4 Ke7 28. Ke2 Kd6 29. Kd2 Kxd5 30. Kc3 e4 31. a4 h5 32. a5 a6 33. h4 Kd6 34. Kxc4 Kc6 35. c3 Kb7 36. Kd4 Kc6 37. c4 e3 38. fxe3 Kb7 39. e4 Kc7 40. e5 Kd7 41. Kd5 Ke7 42. b5 axb5 43. cxb5 Kd7 44. a6 Kc7 45. e6 Kb6 46. e7 Kxb5 47. e8Q+ 1-0